| 000 -LEADER |
| fixed length control field |
00614nam a22001937a 4500 |
| 005 - DATE AND TIME OF LATEST TRANSACTION |
| control field |
20240201115918.0 |
| 008 - FIXED-LENGTH DATA ELEMENTS--GENERAL INFORMATION |
| fixed length control field |
240201s2019 en ||||| |||| 00| 0 eng d |
| 020 ## - INTERNATIONAL STANDARD BOOK NUMBER |
| International Standard Book Number |
9780578519739 X |
| 080 ## - UNIVERSAL DECIMAL CLASSIFICATION NUMBER |
| Universal Decimal Classification number |
657 H-19 |
| 100 ## - MAIN ENTRY--PERSONAL NAME |
| Personal name |
Hall, Charles B.(Author) |
| 9 (RLIN) |
21170 |
| 245 ## - TITLE STATEMENT |
| Title |
The why and how of auditing : |
| Remainder of title |
auditing made easy / |
| Statement of responsibility, etc. |
Charles B. Hall |
| 264 ## - PRODUCTION, PUBLICATION, DISTRIBUTION, MANUFACTURE, AND COPYRIGHT NOTICE |
| Place of production, publication, distribution, manufacture |
Middleton, |
| Date of production, publication, distribution, manufacture, or copyright notice |
2019. |
| 300 ## - PHYSICAL DESCRIPTION |
| Extent |
143 pages ; |
| Other physical details |
23 cm. |
| 653 ## - INDEX TERM--UNCONTROLLED |
| keyword |
The why and how of auditing : auditing made easy |
| 653 ## - INDEX TERM--UNCONTROLLED |
| keyword |
Accounting |
| 653 ## - INDEX TERM--UNCONTROLLED |
| keyword |
აუდიტი |
| 653 ## - INDEX TERM--UNCONTROLLED |
| keyword |
ბუღალტერია |
| 942 ## - ADDED ENTRY ELEMENTS (KOHA) |
| Source of classification or shelving scheme |
|
| Koha item type |
წიგნი |